000 00907nam a2200217 i 4500
001 189999
003 ES-MaACL
005 20250728234842.0
008 200304s1975 sp |||| | spa d
080 _a347.779(043.2)
100 1 _aEscusol Barra, Eladio.
_9169825
245 1 3 _aEl acto administrativo de registración en la propiedad industrial y sus garantías administrativas y jurisdiccionales /
_cEladio Escusol Barra.
260 _aBarcelona :
_b[Universidad, Facultad de Derecho],
_c1975.
300 _a20 p. ;
_c24 cm.
502 _aTesis-Univ. Barcelona (Extracto)
594 _aPrecede al tít.: Universidad de Barcelona. Secretariado de Publicaciones, Intercambio Científico y Extensión Universitaria.
650 7 _aPropiedad industrial
_2embne
_9136773
710 2 _aUniversidad de Barcelona.
_bFacultad de Derecho.
_97147
852 4 _aES-MaACL
_jP-1414-19
999 _c189999
_d189999